The Arab cold war : Gamal ʾAbd al-Nasir and his rivals, 1958-1970 /

محفوظ في:

المؤلف الرئيسي: Kerr, Malcolm H. (مؤلف)

التنسيق: كتاب

اللغة: English

منشور في: London ; New York : Published for the Royal Institute of International Affairs by Oxford University Press, 1971.

الطبعة: 3rd ed.

سلاسل: A Galaxy book, GB 358.

الموضوعات:

الوسوم: إضافة وسم

لا توجد وسوم, كن أول من يضع وسما على هذه التسجيلة!

رقم الطلب: DS38 .K41 1971

LEADER 00999namaa2200301 4500
001 23664
003 OSt
005 20260105080204.0
008 130303s1971 enk b 000 0 eng d
010 |a 74171045 
020 |a 0195014758 
035 |a OCLC 1164994 
040 |c ARCE Library 
043 |a ma-----  |a f-ua--- 
050 4 |a DS38 .K41 1971 
100 1 |a Kerr, Malcolm H.,  |e author 
245 1 4 |a The Arab cold war :  |b Gamal ʾAbd al-Nasir and his rivals, 1958-1970 /  |c [by] Malcolm H. Kerr. 
250 |a 3rd ed. 
264 1 |a London ;  |a New York :  |b Published for the Royal Institute of International Affairs by Oxford University Press,  |c 1971. 
300 |a viii, 166 pages ;  |c 21 cm. 
490 0 |a A Galaxy book, GB 358. 
504 |a Bibliography : pages 158-159. 
650 0 |a Nasser, Gamal Abdel,  |d 1918-1970. 
651 0 |a Arab countries  |x Politics and government  |y 1945- 
651 0 |a Egypt  |x Politics and government  |y 1952-1970. 
901 |a reviewed 
942 |c BK  |2 lcc 
999 |c 23705  |d 23705